LA GERENCIA INTEGRAL : (Registro nro. 45665)
[ vista simple ]
| 000 -LEADER | |
|---|---|
| fixed length control field | 01068nam a2200193 a 4500 |
| 001 - CONTROL NUMBER | |
| control field | 45665 |
| 005 - DATE AND TIME OF LATEST TRANSACTION | |
| control field | 20180714024939.0 |
| 008 - FIXED-LENGTH DATA ELEMENTS--GENERAL INFORMATION | |
| fixed length control field | 140415s1994 ck 000 0 spa d |
| 020 ## - INTERNATIONAL STANDARD BOOK NUMBER | |
| International Standard Book Number | 9580427992 |
| 041 ## - LANGUAGE CODE | |
| Language code of text/sound track or separate title | spa |
| 082 ## - DEWEY DECIMAL CLASSIFICATION NUMBER | |
| Classification number | 658.4 |
| Item number | SAL |
| 100 1# - MAIN ENTRY--PERSONAL NAME | |
| Personal name | SALLENAVE, JEAN-PAUL |
| 245 13 - TITLE STATEMENT | |
| Title | LA GERENCIA INTEGRAL : |
| Remainder of title | ¡NO LE TEMA A LA COMPETENCIA, TEMALE A LA INCOMPETENCIA! |
| 250 ## - EDITION STATEMENT | |
| Edition statement | 1a ed. |
| 260 ## - PUBLICATION, DISTRIBUTION, ETC. | |
| Place of publication, distribution, etc. | COLOMBIA : |
| Name of publisher, distributor, etc. | NORMA, |
| Date of publication, distribution, etc. | 1994 |
| 300 ## - PHYSICAL DESCRIPTION | |
| Extent | 148 |
| Dimensions | 16 x 1.4 x 22.7 |
| 520 ## - SUMMARY, ETC. | |
| Summary, etc. | EN EL CONTEXTO DE LA APERTURA ECONÓMICA QUE VIVIMOS EN AMÉRICA LATINA, TODAS LAS ORGANIZACIONES INCLUSO LAS ENTIDADES PÚBLICAS NO TIENEN OTRA ALTERNATIVA: COMPETIR O DESAPARECER. LA GERENCIA INTEGRAL ES EL ARTE DE RELACIONAR TODAS LAS FACETAS DEL MANEJO DE UNA ORGANIZACIÓN EN BUSCA DE MAYOR COMPETITIVIDAD: LA ESTARTEGIA: PARA DEFINIR A DÓNDE DEBERÍA IR LA EMPRESA Y CÓMO ALCANZAR SUS OBJETIVOS., LA ORGANIXZACIÓN: PARA LLEVAR A CABO LA ESTRATEGIA EFICIENTEMENTE., LA CULTURA: PARA ANIMAR |
| 650 14 - SUBJECT ADDED ENTRY--TOPICAL TERM | |
| Topical term or geographic name entry element | CIENCIAS ADMINISTRATIVAS |
| General subdivision | PLANEACION ADMINISTRATIVA |
| Withdrawn status | Lost status | Source of classification or shelving scheme | Damaged status | Not for loan | Collection code | Home library | Current library | Shelving location | Date acquired | Source of acquisition | Inventory number | Total Checkouts | Full call number | Barcode | Date last seen | Price effective from | Koha item type |
|---|---|---|---|---|---|---|---|---|---|---|---|---|---|---|---|---|---|
| Dewey Decimal Classification | General | Biblioteca Karol Wojtyla | Biblioteca Karol Wojtyla | Sala general | 03/12/2013 | Compra | 151000000000000000014903 | 658.4 SAL | 68570 | 05/01/2026 | 03/12/2013 | Libro |